000 00443nam a22001577a 4500
005 20251108171853.0
008 250721s1988 xx 000 0 ara d
082 1 4 _a629.133/سعد
100 1 _aغولي، سعيد رشيد القره
245 1 0 _aالأسس العلمية لصنع نماذج الطائرات /
264 1 _aبغداد :
_c1988.
300 _a62ص
650 1 7 _aالطائرات
942 _2ddc
_cBK
999 _c64755
_d64755